[Event "Avoine op 20th"]
[Site "Avoine"]
[Date "2005.07.25"]
[Round "3"]
[White "Leclercq, Benoit"]
[Black "Bacon, Nicolas"]
[Result "1-0"]
[WhiteElo "2025"]
[BlackElo "2209"]
[PlyCount "91"]
[EventDate "2005.07.23"]
[EventType "swiss"]
[EventRounds "9"]
[EventCountry "FRA"]
[SourceTitle "EXT 2007"]
[Source "ChessBase"]
[SourceDate "2006.11.23"]
[SourceVersion "1"]
[SourceVersionDate "2006.11.23"]
[SourceQuality "1"]

1. d4 Nf6 2. c4 e6 3. Nf3 d5 4. e3 Nbd7 5. Nc3 c6 6. Bd3 Bd6 7. 0-0 0-0 8. e4 dxc4 9. Bxc4 e5 10. d5 Nb6 11. Bb3 cxd5 12. exd5 Bg4 13. Qd3 Nbd7 14. Be3 a6 15. Ng5 Bh5 16. Ne6 Qe7 17. Nxf8 Rxf8 18. f3 Bg6 19. Qd2 e4 20. fxe4 Ng4 21. Bf4 Bc5+ 22. Kh1 Qh4 23. g3 Qh5 24. Bd1 Ndf6 25. Bf3 Bd4 26. Rae1 Re8 27. e5 Bxe5 28. Bxe5 Rxe5 29. Rxe5 Qxe5 30. Bxg4 Nxg4 31. Qf4 Qxf4 32. Rxf4 Nf6 33. Rc4 Kf8 34. d6 Ke8 35. Rc7 b6 36. Kg1 Bd3 37. Re7+ Kf8 38. Rb7 Ke8 39. Re7+ Kf8 40. Na4 Ne4 41. Nxb6 f5 42. Nd7+ Kg8 43. Ne5 Kf8 44. Rf7+ Ke8 45. d7+ Kd8 46. Rf8+ 1-0

[Event "FRA-chT2 0405"]
[Site "France"]
[Date "2004.11.07"]
[Round "3.3"]
[White "Toulzac, Pierre Yves"]
[Black "Bacon, Nicolas"]
[Result "1/2-1/2"]
[WhiteElo "2301"]
[BlackElo "2137"]
[PlyCount "33"]
[EventDate "2004.10.10"]
[EventType "team-tourn"]
[EventRounds "11"]
[EventCountry "FRA"]
[SourceTitle "EXT 2006"]
[Source "ChessBase"]
[SourceDate "2005.11.24"]
[SourceVersion "1"]
[SourceVersionDate "2005.11.24"]
[SourceQuality "1"]
[WhiteTeam "Evry II"]
[BlackTeam "Checy"]
[WhiteTeamCountry "FRA"]
[BlackTeamCountry "FRA"]

1. d4 Nf6 2. c4 g6 3. Nc3 Bg7 4. e4 d6 5. Be2 0-0 6. g4 e5 7. d5 a5 8. g5 Ne8 9. h4 Na6 10. Rh2 Nc5 11. Be3 Bd7 12. Qc2 a4 13. h5 Ra5 14. Kf1 c6 15. Kg2 Nc7 16. Kh1 b5 17. Nf3 1/2-1/2